Evaluation on multi purpose farm of farmer in kompong trobek district prey veng province ការសិក្សាវាយតំលៃទៅលើកសិដ្ឋានពហុប្រយោជន៍របស់កសិករ​នោស្រុកកំពង់ត្របែក ខេត្តព្រៃវែង (Record no. 720)

000 -LEADER
fixed length control field 00679nam a22001337a 4500
040 ## - CATALOGING SOURCE
Transcribing agency RUA
082 ## - DEWEY DECIMAL CLASSIFICATION NUMBER
Classification number AGR SOR 2005 B031 Or.1
100 ## - MAIN ENTRY--AUTHOR NAME
Personal name SORN, DIM.
245 ## - TITLE STATEMENT
Title Evaluation on multi purpose farm of farmer in kompong trobek district prey veng province ការសិក្សាវាយតំលៃទៅលើកសិដ្ឋានពហុប្រយោជន៍របស់កសិករ​នោស្រុកកំពង់ត្របែក ខេត្តព្រៃវែង
260 ## - PUBLICATION, DISTRIBUTION, ETC. (IMPRINT)
Place of publication Phnom Penh
Name of publisher RUA
Year of publication 2005
300 ## - PHYSICAL DESCRIPTION
Number of Pages xii; 52p.
Other physical details ill.
Dimensions 29cm.
856 ## - ELECTRONIC LOCATION AND ACCESS
Uniform Resource Identifier https://drive.google.com/file/d/1GF9TNjrvYW3CpoUjqdtVE0cD6TcLxacu/view?usp=sharing
942 ## - ADDED ENTRY ELEMENTS (KOHA)
Koha item type AGR
952 ## - LOCATION AND ITEM INFORMATION (KOHA)
Withdrawn status [LOCAL, KOHA] 0
952 ## - LOCATION AND ITEM INFORMATION (KOHA)
Withdrawn status [LOCAL, KOHA] 0
952 ## - LOCATION AND ITEM INFORMATION (KOHA)
Withdrawn status [LOCAL, KOHA] 0
952 ## - LOCATION AND ITEM INFORMATION (KOHA)
Withdrawn status [LOCAL, KOHA] 0
Holdings
Permanent Location Date acquired Koha item type Lost status Shelving location Barcode Current Location Full call number
Library Block B2015-09-18AGR B031RUA002226Library Block BAGR SOR 2005 B031 Or.1
Library Block B2015-09-18AGR B031RUA002912Library Block BAGR SOR 2005 B031 Or.2
Library Block B2015-09-18AGR B031RUA002440Library Block BAGR SOR 2005 B031 Or.3
Library Block B2015-09-18AGR B031RUA002079Library Block BAGR SOR 2005 B031 Or.4
មជ្ឈមណ្ឌលឯការនៃសាកលវិទ្យាល័យភូមិន្ទកសិកម្មចំការដូង

Powered by Koha